|
|
|
|
| LEADER |
00000nam0a2200000 4500 |
| 001 |
107956 |
| 005 |
20231031115455.0 |
| 010 |
|
|
|a 5628002038
|
| 035 |
|
|
|a (RuTPU)RU\TPU\book\116546
|
| 090 |
|
|
|a 107956
|
| 100 |
|
|
|a 20070110d1989 km y0rusy50 ca
|
| 101 |
0 |
|
|a rus
|
| 102 |
|
|
|a KZ
|
| 105 |
|
|
|a ab z 001zy
|
| 200 |
1 |
|
|a Гидрогеохимия Казахстана
|f Академия наук Казахской ССР; Институт гидрогеологии и гидрофизики; под ред. В. С. Жеваго
|
| 210 |
|
|
|a Алма-Ата
|c Наука Казах. ССР
|d 1989
|
| 215 |
|
|
|a 192 с.
|c ил.
|
| 320 |
|
|
|a Литература: с. 186-190.
|
| 610 |
1 |
|
|a гидрогеохимия
|
| 610 |
1 |
|
|a Казахстан
|
| 610 |
1 |
|
|a гидрогеохимическая зональность
|
| 610 |
1 |
|
|a формование
|
| 610 |
1 |
|
|a минерализация
|
| 610 |
1 |
|
|a воды подземные
|
| 610 |
1 |
|
|a месторождения
|
| 610 |
1 |
|
|a полезные ископаемые
|
| 675 |
|
|
|a 556.314
|v 3
|
| 702 |
|
1 |
|a Жеваго
|b В. С.
|4 340
|
| 712 |
0 |
2 |
|a Академия наук Казахской ССР (АН КазССР)
|b Институт гидрогеологии и гидрофизики
|2 stltpush
|3 (RuTPU)RU\TPU\col\8430
|
| 801 |
|
1 |
|a RU
|b 63413507
|c 20070110
|g PSBO
|
| 801 |
|
2 |
|a RU
|b 63413507
|c 20100211
|g PSBO
|
| 942 |
|
|
|c BK
|